000 00691nam a2200241 i 4500
001 C2-0332961
003 PPAK
005 20180728133106.0
008 150820s2014 my |||| ||||| | eng d
020 _a9789670610290
040 _aPPAK
_beng
_cPPAK
_erda
082 0 4 _a158.1
_223
090 0 0 _a158.1
_bROH
_dG
100 1 _aRohn, Jim,
_eauthor
245 1 4 _aThe keys to success
264 1 _aPetaling Jaya, Selangor :
_bAdvantage Quest Sdn. Bhd. ,
_c2014
300 _aix, 121 pages ;
_c22 cm
336 _2rdacontent
_atext
337 _2rdamedia
_aunmediated
338 _2rdacarrier
_avolume
650 1 0 _aSuccess. ; Motivation (Psychology). ; Conduct of life.
942 _ddc
_cB
999 _c131584
_d131584